000 00943nam a2200253Ia 4500
003 OSt
005 20220923212622.0
006 a|||||r|||| 00| 0
007 ta
008 220922b |||||||| |||| 00| 0 hin d
024 _a154,618
037 _cTextual
040 _aARTS
_cARTS
_bhin
041 _2hin
_ahin
082 _aO1520m35,1:g, L6
100 _aकृष्णमूर्ति, सरगु
245 0 _aहिन्दी और तेलुगु की आधुनिक कविता मे मानवतावाद
246 _aHindī aur telugu kī ādhunik kavitā me mānavatāvāda
260 _aअजमेर
_b मीनाक्षी प्रकाशन
_c1976
300 _a344 पृ.
_ccm.
650 _aहिन्दी साहित्य
_9156264
942 _hO1520m35,1:g, L6
_cTEXL
_2CC
999 _c310240
_d310240